| 000 | 00350nam a22001217a 4500 | ||
|---|---|---|---|
| 999 |
_c2244 _d2244 |
||
| 005 | 20200910145703.0 | ||
| 008 | 200910b ||||| |||| 00| 0 eng d | ||
| 020 | _a0521294053 | ||
| 040 | _cCML | ||
| 245 |
_aRomeo and Juliet. _cEvans, G.B. |
||
| 260 |
_aNew york _bCambridge University _c1984 |
||
| 942 |
_2ddc _cBK _e1st Edition _h822 _mSHA |
||